[Event "IBCA EU-chT blind 2nd"]
[Site "Calimanesti"]
[Date "2019.10.05"]
[Round "1.2"]
[White "Pribeanu, Mihai Dacian"]
[Black "Mocanu, Danut"]
[Result "1-0"]
[WhiteElo "2202"]
[BlackElo "1783"]
[PlyCount "51"]
[EventDate "2019.10.05"]
[EventType "team-swiss"]
[EventRounds "9"]
[EventCountry "ROU"]
[SourceTitle "CBM 192 Extra"]
[Source "Chessbase"]
[SourceDate "2019.11.06"]
[SourceVersion "1"]
[SourceVersionDate "2019.11.06"]
[SourceQuality "1"]
[WhiteTeam "Romania"]
[BlackTeam "Romania II"]
[WhiteTeamCountry "ROU"]
[BlackTeamCountry "ROU"]

1. e4 e5 2. Nf3 Nc6 3. Bb5 a6 4. Ba4 Nf6 5. 0-0 b5 6. Bb3 Be7 7. Re1 h6 8. c3 0-0 9. d4 d6 10. a4 Bb7 11. Nbd2 Nd7 12. Nf1 Bf6 13. Ng3 Ne7 14. Nh5 Ng6 15. Qe2 bxa4 16. Rxa4 Nb6 17. Ra1 Nh4 18. Nxf6+ Qxf6 19. Nxh4 Qxh4 20. d5 Nd7 21. Be3 a5 22. Qb5 Nf6 23. Qxb7 Rab8 24. Qxc7 Rxb3 25. Qxd6 Rxb2 26. Qxe5 1-0